| 000 | 01008nam a22002657a 4500 | ||
|---|---|---|---|
| 999 |
_c22476 _d22476 |
||
| 003 | AR-CdUCM | ||
| 008 | 190409b ||||| |||| 00| 0 spa d | ||
| 020 | _a9786124626876 | ||
| 040 |
_aMUNICIPALIDAD PROVINCIAL DEL CUSCO _cBIBLIOTECA MUNICIPAL DEL CUSCO |
||
| 082 |
_a344.51/H26 _bH26 _2segunda |
||
| 100 |
_aHaro, Guillermo _948282 |
||
| 245 |
_aEl delito de feminicidio : _bviolencia contra la mujer por machismo y misoginia / _cGuillermo Haro |
||
| 260 |
_aLima : _bEditorial Hala Editores, _c2020. |
||
| 300 |
_a388 páginas ; _c21 cm. |
||
| 500 |
_aAntes del título: Doctrina penal.
Glosario: páginas 367-370.
"Nueva edición"--Cubierta. _zBibliografía: páginas 371-388 |
||
| 650 |
_aMujeres _93760 |
||
| 650 |
_aCrímenes contra _948283 |
||
| 650 |
_aAspectos jurídicos _95026 |
||
| 650 |
_aDelitos contra la persona _924488 |
||
| 650 |
_aAspectos legales _93379 |
||
| 650 |
_aDerecho penal _95831 |
||
| 650 |
_aInterpretación y aplicación _98705 |
||
| 942 |
_2ddc _cLIBROS |
||
| 945 | _arac | ||